| 000 | 00982cam a22003135a 4500 | ||
|---|---|---|---|
| 001 | 11055480 | ||
| 005 | 20171104132836.0 | ||
| 008 | 120910s2011 ii a frb 000 0 eng d | ||
| 020 | _z9788131733844 | ||
| 035 | _a(OCoLC)ocn809537541 | ||
| 035 | _a(OCoLC)809537541 | ||
| 035 | _a11055480 | ||
| 040 |
_aUMI _beng _cUMI _dEG-ScBUE |
||
| 082 | 0 | 4 |
_a620.0014 _bMIS _222 |
| 100 | 1 | _aMishra, Sunita. | |
| 245 | 1 | 0 |
_aCommunication skills for engineers / _cSunita Mishra, C. Muralikrishna. _h |
| 250 | _a2nd ed. | ||
| 260 |
_aNew Delhi : _bDorling Kindersley (India) : _bPearson, _cc.2011. |
||
| 300 |
_aviii, 276 p. : _bill. ; _c24 cm. |
||
| 504 | _aIncludes bibliographical references. | ||
| 650 | 7 |
_aCommunication in engineering. _2BUEsh _912260 |
|
| 650 | 7 |
_aBusiness communication. _2BUEsh |
|
| 651 | _2BUEsh | ||
| 653 |
_bENGELC _cNovember2017 |
||
| 655 |
_vText book _933728 |
||
| 700 | 1 | _aMuralikrishna, C. | |
| 856 | 4 | _uwww.pearsoned.co.in/muralikrishna | |
| 942 | _2ddc | ||
| 999 |
_c25540 _d25512 |
||